Forage potential of S3 corn progenies in topcrosses and selection of testers of different genetic bases (Registro n. 299004)
[ somente texto ]
| 000 -LÍDER | |
|---|---|
| fixed length control field | 03405nab a2200325 i 4500 |
| 003 - CÓDIGO MARC DA AGÊNCIA CATALOGADORA | |
| Campo de controle | BR-BrBNA |
| 005 - DATA E HORA DA ÚLTIMA ATUALIZAÇÃO | |
| Campo de controle | 20240401102240.0 |
| 008 - CAMPO DE TAMANHO FIXO | |
| fixed length control field | 240401b2020 bl.ar|pooa||| 00| 0 eng | |
| 040 ## - FONTE DA CATALOGAÇÃO | |
| Agência catalogadora | BR-BrBNA |
| Idioma da catalogação | eng |
| 072 ## - CATEGORIA AGRIS | |
| Código AGRIS | F30 |
| Código do objeto | 0120 |
| 100 ## - ENTRADA PRINCIPAL - NOME PESSOAL | |
| Nome pessoal | Rosa, Jocimar Costa |
| 100 ## - ENTRADA PRINCIPAL - NOME PESSOAL | |
| Nome pessoal | Faria, Marcos Ventura |
| 100 ## - ENTRADA PRINCIPAL - NOME PESSOAL | |
| Nome pessoal | Zaluski, Welton Luiz |
| 100 ## - ENTRADA PRINCIPAL - NOME PESSOAL | |
| Nome pessoal | Gava, Emanuel |
| 100 ## - ENTRADA PRINCIPAL - NOME PESSOAL | |
| Nome pessoal | Andreoli, Pedro Henrique Willemann |
| 100 ## - ENTRADA PRINCIPAL - NOME PESSOAL | |
| Nome pessoal | Sagae, Vitor Seiti |
| 245 ## - TÍTULO PRINCIPAL | |
| Título principal | Forage potential of S3 corn progenies in topcrosses and selection of testers of different genetic bases |
| 500 ## - NOTA GERAL | |
| Nota geral | Publicação on-line; 29 ref.; 6 illus.; Summaries (En, Pt) |
| 942 ## - ADDED ENTRY ELEMENTS (KOHA) | |
| Koha item type | |
| 520 ## - NOTA DE RESUMO | |
| Nota de conteúdo | <br/>Abstract – The objective of this work was to identify corn (Zea mays)<br/>genotypes with forage potential and to evaluate the efficiency of testers to<br/>discriminate forage traits in topcrosses, considering the contribution of additive<br/>and nonadditive genes. The experiment was carried out in the 2015/2016 and<br/>2016/2017 crop seasons, in a randomized complete block design with three<br/>replicates. Thirty S3 corn progenies were evaluated in topcrosses with the<br/>AG8025, P30B39, MLP102, 60.H23.1, and 70.H26.1 testers. The following<br/>traits were assessed: forage dry mass yield, neutral detergent fiber, acid<br/>detergent fiber, and forage dry mass degradability. Progenies 205.2, 159.6,<br/>and 199.2, in this order, presented the best performance for forage potential.<br/>Testers 60.H23.1 and 70.H26.1 better expressed the genetic variability between<br/>progenies. For all traits in both crop seasons, there is a predominance of the<br/>action of genes of nonadditive effects.<br/><br/><br/>Index terms: Zea mays, additive effects, nonadditive effects, partial diallel. |
| 520 ## - NOTA DE RESUMO | |
| Nota de conteúdo | <br/>Resumo – O objetivo deste trabalho foi identificar genótipos de milho (Zea<br/>mays) com potencial forrageiro e avaliar a eficiência dos testadores em<br/>discriminar características forrageiras em cruzamentos topcrosses, ao se<br/>considerar a contribuição de genes aditivos e não aditivos. O experimento<br/>foi conduzido nas safras de 2015/2016 e 2016/2017, no delineamento de<br/>blocos ao acaso, com três repetições. Avaliaram-se 30 progênies S3 de<br/>milho em cruzamentos topcrosses com os testadores AG8025, P30B39,<br/>MLP102, 60.H23.1 e 70.H26.1. Foram avaliadas as seguintes características:<br/>produtividade de massa seca da forragem, fibra em detergente neutro, fibra em<br/>detergente ácido e degradabilidade da massa seca da forragem. As progênies<br/>205.2, 159.6 e 199.2, nessa ordem, apresentaram o melhor desempenho para<br/>potencial forrageiro. Os testadores 60.H23.1 e 70.H26.1 melhor expressaram a<br/>variabilidade genética existente entre as progênies. Para todas as características<br/>nas duas safras, há o predomínio da ação de genes de efeitos não aditivos.<br/><br/><br/>Termos para indexação: Zea mays, efeitos aditivos, efeitos não aditivos,<br/>dialelo parcial. |
| 650 ## - ASSUNTO - THESAGRO | |
| Cabeçalho tópico ou nome geográfico | MILHO |
| 650 ## - ASSUNTO - THESAGRO | |
| Cabeçalho tópico ou nome geográfico | GENÓTIPO |
| 650 ## - ASSUNTO - THESAGRO | |
| Cabeçalho tópico ou nome geográfico | CRUZAMENTO |
| 650 ## - ASSUNTO - THESAGRO | |
| Cabeçalho tópico ou nome geográfico | VARIAÇÃO GENÉTICA |
| 650 ## - ASSUNTO - THESAGRO | |
| Cabeçalho tópico ou nome geográfico | FORRAGEM |
| 773 0# - ENTRADA ANALÍTICA | |
| Host Biblionumber | 920 |
| Registro do item | 25800 |
| Imprenta | Brasília-DF Empresa Brasileira de Pesquisa Agropecuária - EMBRAPA 1966- |
| Outro identificador | 2023-436355 |
| Título | Pesquisa Agropecuária Brasileira (Brazil) |
| ISSN | 0100-204X |
| Colação | v. 55 p. 1-11.; (2020) |
| Número de controle de registro | BR2023000264 |
| 856 ## - ACESSO E ENDEREÇO ELETRÔNICO | |
| Identificador uniforme de recurso - URI | https://www.scielo.br/j/pab/a/ckSQ4NQNWxzqRgXrbSdyJqL/?format=pdf&lang=en |
Nenhum exemplar disponível.

BINAGRI